| 000 | 00830acm a2200265 i 4500 | ||
|---|---|---|---|
| 001 | 67076 | ||
| 003 | ES-MaACL | ||
| 005 | 20250523162338.0 | ||
| 007 | qu | ||
| 008 | 040504s1990 sp ||| |||||||| | spa d | ||
| 080 | _a784.71 | ||
| 110 | 2 |
_aAgrupación Ateneísta de Aire Libre _91274 |
|
| 245 | 1 | 0 |
_aHimno [ _hMúsica impresa] / _cletra, Paloma Sena ; música, Adolfo Núñez. |
| 260 |
_aMadrid : _bSociedad Ateneísta de Aire Libre, _c1990. |
||
| 300 |
_a1 partitura ([8] p.) ; _c21 cm. |
||
| 610 | 2 | 4 |
_aAgrupación Ateneísta de Aire Libre- _vHimno. _91275 |
| 650 | 4 |
_aHimnos. _9143234 |
|
| 700 | 1 |
_aSena, Paloma. _9105431 |
|
| 700 | 1 |
_aNúñez, Adolfo. _986136 |
|
| 852 |
_aES-MaACL _j2171-F-18 |
||
| 852 |
_aES-MaACL _j2171-F-19 |
||
| 852 |
_aES-MaACL _j2338-F-10 |
||
| 942 | _2udc | ||
| 999 |
_c67076 _d67076 |
||